000 004900000a22001210004500
090 _aAS
_bSeriadas
245 1 0 _aProspección de enemigos naturales de Culicidae (<Diptera>) de la selva marginal de punta Lara (<Prov. de Buenos Aires, republica Argentina>)
041 0 _aEspañol
700 1 _aCampos, Raúl E.
_999123
100 1 _aGarcía, Juan J.
_999124
942 _cARTICULO
773 1 _tRevista de la Academia Colombiana de Ciencias Exactas, Fisicas y Naturales
_332
_h72
_q209-215
_d1994
_g19
999 _c14135
_d14135